LEADER 01051cas a2200217 a 4500
001 AALejournalJSTOR000021
008 230228c9999 xx r poo 0 0eng d
022 |a 1933-0065 
022 |a 2378-4776 
040 |a BD-DhAAL  |c BD-DhAAL 
245 0 0 |h [electronic resource]  |a Early Modern Women 
260 |b The University of Chicago Press 
300 |a 1 online resource 
362 0 |a Vol. 1 
500 |a <strong>Off-Campus Access:</strong> Athens ID and Password Required 
500 |a <strong>On-Campus Access:</strong> No User ID or Password Required 
506 |a Electronic access restricted to authorized BRAC University faculty, staff and students 
538 |a Mode of access: Internet 
650 4 |a Feminist & Women's Studies ; Gender Studies ; Humanities ; Language & Literature ; Social Sciences 
856 4 0 |z Full text available on JSTOR[2006-10-01 - 2017-10-01]  |u https://www.jstor.org/journal/earlymoderwomen 
856 4 0 |z Off-campus access  |u https://go.openathens.net/redirector/bracu.ac.bd?url=https%3A%2F%2Fwww.jstor.org%2Fjournal%2Fearlymoderwomen